Local government in Slovakia
Stručný historický vývoj. Základné fakty a čísla. Právna štruktúra miestnej správy. Kompetencie, právomoc, zodpovednosť a služby miestnych úradov. Základné usporiadanie miestnych úradov. Ľudské zdroje. Financovanie miestnej správy. Majetok. Kontrola miestnych úradov. Ochrana miestnej správy. Miestna...
Na minha lista:
| Autor principal: | |
|---|---|
| Outros Autores: | |
| Formato: | Capítulo de Livro |
| Idioma: | inglês |
| Assuntos: | |
| Tags: |
Sem tags, seja o primeiro a adicionar uma tag!
|
MARC
| LEADER | 00000naa$a2200000$$$4500 | ||
|---|---|---|---|
| 001 | 0150546 | ||
| 005 | 20240502083344.6 | ||
| 041 | 0 | |a eng | |
| 044 | |a ES | ||
| 245 | 1 | 0 | |a Local government in Slovakia |c Milan Buček, Juraj Nemec |
| 520 | |a Stručný historický vývoj. Základné fakty a čísla. Právna štruktúra miestnej správy. Kompetencie, právomoc, zodpovednosť a služby miestnych úradov. Základné usporiadanie miestnych úradov. Ľudské zdroje. Financovanie miestnej správy. Majetok. Kontrola miestnych úradov. Ochrana miestnej správy. Miestna správa a EÚ. | ||
| 610 | 2 | 0 | |a správa miestna |
| 610 | 2 | 0 | |a úrady |
| 610 | 2 | 0 | |a história |
| 610 | 2 | 0 | |a legislatíva |
| 610 | 2 | 0 | |a majetok |
| 610 | 2 | 0 | |a financovanie |
| 610 | 2 | 0 | |a kontrola |
| 610 | 2 | 0 | |a Slovensko |
| 610 | 2 | 0 | |a Európska únia |
| 100 | 1 | |a Buček, Milan | |
| 700 | 1 | |a Nemec, Juraj | |